Lose Yourself Chorus - Eminem - Statistics

General Stats
  • This quiz has been taken 65 times
  • The average score is 32 of 38
Answer Stats
Lyrics % Correct
You
98%
You
98%
You
98%
You
98%
You
98%
Lose
95%
In
93%
In
93%
The
92%
The
92%
Music
90%
Yourself
90%
Go
88%
It
86%
It
86%
Moment
86%
One
86%
Better
85%
Better
85%
Better
85%
Let
85%
Not
83%
Chance
81%
Never
81%
Only
81%
Shot
81%
Miss
80%
Do
76%
To
76%
Blow
75%
Lifetime
75%
Opportunity
75%
A
71%
Comes
71%
Own
69%
This
69%
This
69%
Got
66%
No matching quizzes found
Score Distribution
Percent of People with Each Score
Percentile by Number Answered
Your Score History
You have not taken this quiz